Le coeur de saint Vincent de Paul : splendeur de charite et de fraternite humaine /

Saved in:
Bibliographic Details
Main Author: Leuret-Dupanloup, M.
Format: Book
Language:English
Published: Paris : P. Lethielleux, [1971].
Series:Collection Apotres d'hier et d'aujourd'hui
Subjects:
LEADER 00894nam a2200217 i 4500
001 c000024641
003 CARM
005 00000000000000.0
008 850424s1971 fr 0 eng d
019 1 |a 9232986  |5 LACONCORD2021 
035 |a (OCoLC)3130760  |5 LACONCORD2021 
100 2 |a Leuret-Dupanloup, M. 
245 1 0 |a Le coeur de saint Vincent de Paul :  |b splendeur de charite et de fraternite humaine /  |c [par] M. Leuret-Dupanloup. 
260 |a Paris :  |b P. Lethielleux,  |c [1971]. 
300 |a 350 p. 
490 0 |a Collection Apotres d'hier et d'aujourd'hui 
500 |a Includes bibliographical references. 
600 0 0 |a Vincent de Paul,  |c Saint,  |d 1581-1660. 
852 8 |b CARM  |h A2:AE15G0  |i A00125  |p 0023759  |f BK 
999 f f |i a64ebd51-dcba-5d6a-8f48-998d7d692528  |s 5ca6f8a1-f5ab-5a55-a59a-1cb7ff0a20af 
952 f f |p Can circulate  |a CAVAL  |b CAVAL  |c CAVAL  |d CARM 1 Store  |e A00125  |f A2:AE15G0  |h Other scheme  |i book  |m 0023759